| 000 | 00942nam a2200253Ia 4500 | ||
|---|---|---|---|
| 003 | GCL | ||
| 008 | 140319s9999 xx 000 0 ara d | ||
| 020 | _a1638241977 | ||
| 040 |
_aGCL / _cGCL |
||
| 082 | 0 | 4 |
_a364.4 _bع ت |
| 100 | 1 | _aعادل عبدالجواد محمد الكردوسى | |
| 245 | 1 | 0 |
_aالتعاون الامنى العربى ومكافحة الاجرام المنظم عبر الوطنى / _cعادل عبدالجواد محمد الكردوسى |
| 260 |
_aالقاهرة : _bمكتبة الاداب ، _c2005 |
||
| 300 |
_a224 ص ؛ _c24 سم |
||
| 650 | 0 | 4 | _aالجريمة والمجرمون |
| 650 | 0 | 4 | _aالامن القومى |
| 650 | 0 | 4 | _aالامن الدولى |
| 650 | 0 | 4 | _aعلم الاجرام |
| 650 | 0 | 4 | _aمكافحة الجريمة |
| 650 | 0 | 4 | _aالجرائم المنظمة |
| 650 | 0 | 4 | _aالمشاكل الاجتماعية |
| 650 | 0 | 4 | _aالعولمة و الجريمة |
| 942 |
_2ddc _cBK |
||
| 999 |
_c8563 _d8563 |
||